Diferencias del autoconcepto físico en practicantes y no practicantes de actividad física en estudiantes universitarios (Record no. 190385)
[ view plain ]
| 000 -CABECERA | |
|---|---|
| campo de control de longitud fija | 02008nab a2200289 a 4500 |
| 005 - FECHA Y HORA DE LA ÚLTIMA TRANSACCIÓN | |
| campo de control | 20250310181711.0 |
| 008 - ELEMENTOS DE LONGITUD FIJA--INFORMACIÓN GENERAL | |
| campo de control de longitud fija | 991125c2015 sp fr p o 000 0 spa d |
| 035 ## - NÚMERO DE CONTROL DEL SISTEMA | |
| Número de control de sistema | UPN01000218285 |
| 040 ## - FUENTE DE LA CATALOGACIÓN | |
| Centro catalogador/agencia de origen | UPN |
| Lengua de catalogación | spa |
| Centro/agencia transcriptor | UPN |
| Normas de descripción | aacr2 |
| 049 ## - COLECCIÓN | |
| Colección | ART-E |
| 100 1# - ASIENTO PRINCIPAL--NOMBRE PERSONAL | |
| Nombre de persona | Álvarez Rivera, Lissete Beatriz |
| Enlace | - alvarez_rivera044@hotmail.com |
| 100 1# - ASIENTO PRINCIPAL--NOMBRE PERSONAL | |
| Nombre de persona | Cuevas Ferrera, Rossana de Fátima |
| 100 1# - ASIENTO PRINCIPAL--NOMBRE PERSONAL | |
| Nombre de persona | Lara Pot, L. |
| 100 1# - ASIENTO PRINCIPAL--NOMBRE PERSONAL | |
| Nombre de persona | González Hernández, Juan |
| 245 10 - MENCIÓN DE TÍTULO | |
| Título | Diferencias del autoconcepto físico en practicantes y no practicantes de actividad física en estudiantes universitarios |
| Medio | [recurso electrónico en línea] |
| 506 0# - NOTA DE RESTRICCIONES AL ACCESO | |
| Limitaciones de acceso | Acceso abierto |
| 520 3# - NOTA DE RESUMEN, ETC. | |
| Sumario, etc. | La presente investigación tuvo como objetivos identificar las diferencias del autoconcepto físico en practicantes regulares y no practicantes de actividad física en estudiantes universitarios. Participaron 208 estudiantes universitarios entre 18 y 31 años de los cuales el 49% realizan actividad física regular y el 51% no practican de forma regular o no realizan ninguna actividad física y se les aplicó el Cuestionario de Autoconcepto Físico (CAF) de Moreno y Cervelló (2005). En todas las dimensiones del autoconcepto físico, así como en las escalas generales de autoconcepto físico y autoconcepto general, se encontraron diferencias estadísticamente significativas al obtener p-valores debajo de α=.05, esto indica que las autopercepciones fí- sicas y las autopercepciones generales están medidas por la actividad física, por lo que se sustenta la importancia que tiene la actividad física en los universitarios. |
| 650 #2 - ASIENTO SECUNDARIO DE MATERIA - TERMINO TEMATICO | |
| 9 (RLIN) | 4952 |
| Término de materia o nombre geográfico como elemento de entrada | Diferencias individuales |
| 650 #0 - ASIENTO SECUNDARIO DE MATERIA - TERMINO TEMATICO | |
| 9 (RLIN) | 9298 |
| Término de materia o nombre geográfico como elemento de entrada | Estudiantes universitarios |
| 650 #7 - ASIENTO SECUNDARIO DE MATERIA - TERMINO TEMATICO | |
| 9 (RLIN) | 145 |
| Término de materia o nombre geográfico como elemento de entrada | Actividades físicas |
| 653 0# - TERMINO DE INDIZACION - NO CONTROLADO | |
| Término no controlado | Autoconcepto físico |
| 773 ## - ENLACE AL DOCUMENTO FUENTE/ENTRADA DE REGISTRO ANFITRIÓN | |
| Parte(s) relacionada(s) | Vol. 15, no. 2 (2015), p. 27-34 |
| Título | Cuadernos de psicología del deporte |
| Número Internacional Normalizado para Publicaciones Seriadas | 1989-5879 |
| 856 4# - LOCALIZACIÓN Y ACCESO ELECTRÓNICOS | |
| Identificador Uniforme del Recurso | <a href="https://revistas.um.es/cpd/article/view/233791">https://revistas.um.es/cpd/article/view/233791</a> |
| 902 ## - ELEMENTOS DE DATOS B LOCAL, LDB (RLIN) | |
| Creó | Gloria Jiménez/0924 |
| 905 ## - TIPO DE MATERIAL | |
| Tipo de material | Articulo |
| 942 ## - ELEMENTOS DE PUNTO DE ACCESO ADICIONAL (KOHA) | |
| Tipo de ítem Koha | Artículo Electrónico |
| Estado de retiro | Estado de pérdida | Estado dañado | No para préstamo | Código de colección | Localización permanente | Ubicación/localización actual | Ubicación en estantería | Fecha de adquisición | Total de préstamos | Fecha visto por última vez | Identificador Uniforme del Recurso | Precio válido a partir de | Tipo de ítem Koha |
|---|---|---|---|---|---|---|---|---|---|---|---|---|---|
| Acceso abierto | Bib. Gregorio Torres Quintero | Bib. Gregorio Torres Quintero | En línea | 09/09/2024 | 09/09/2024 | https://revistas.um.es/cpd/article/view/233791 | 09/09/2024 | Artículo Electrónico |
